000 00430nam a2200157 i 4500
001 42649
003 ES-MaACL
007 t|
008 030313s1966 mx ||||1| spa d
100 1 _aCastillo Remes, Clemencia del.
_936766
245 1 0 _aLarga es la muerte /
_cClemencia del Castillo Remes.
250 _a1ª ed.
260 _aMéxico :
_bEpoca,
_c[1966]
300 _a189 p. ;
_c18 cm.
852 _aES-MaACL
_jE-9613
_bR.93920
999 _c42649
_d42649